000 00544nam a22001697a 4500
008 131128b xxu||||| |||| 00| 0 eng d
020 _a9986135761
050 _aLA11.M165 1997
100 _aMcLaughlin, Terence H.
_94344
245 _aSiuolaikine ugdymo filosofija
_bdemokratiskumas, vertybes, ivairove
260 _aKaunas
_bKaunus Technologija
_c1997
300 _a279p.;
_c24cm
650 _aEducation
_94345
_xPhilosophy
650 _aEducation
_xDemocracy
_94429
700 _aJuceviciene, Palmira (ed)
_94346
942 _2lcc
_cMONOGRAPH
999 _c118832
_d118832